[Event "Deutsche Ländermeisterschaft 2021"]
[Site "Neumünster GER"]
[Date "2021.10.04"]
[Round "5"]
[White "Post, Hugo"]
[Black "Bornholdt, Joa Max"]
[Result "0-1"]
[Termination "normal"]
[Board "5.2"]
[WhiteElo "2188"]
[BlackElo "1956"]
[WhiteClock "00:00:36"]
[BlackClock "00:05:34"]
[WhiteTeam "Sachsen-Anhalt"]
[BlackTeam "Schleswig-Holstein"]
[PlyCount "72"]
[WhiteFideId "12962490"]
[BlackFideId "16253477"]
[EventCountry "GER"]
[EventRounds "7"]
[EventType "team-swiss"]
[EventDate "2021.10.01"]

1. e4 {[%clk 1:30:56]} e5 {[%clk 1:30:55]} 2. Nf3 {[%clk 1:31:17]} Nc6 {[%clk
1:31:19]} 3. Bb5 {[%clk 1:31:37]} g6 {[%clk 1:31:43]} 4. c3 {[%clk 1:28:18]} a6
{[%clk 1:31:56]} 5. Ba4 {[%clk 1:26:55]} Bg7 {[%clk 1:32:15]} 6. d4 {[%clk
1:24:35]} exd4 {[%clk 1:32:39]} 7. cxd4 {[%clk 1:25:00]} b5 {[%clk 1:33:04]} 8.
Bb3 {[%clk 1:18:46]} Nge7 {[%clk 1:33:25]} 9. O-O {[%clk 1:16:31]} O-O {[%clk
1:33:32]} 10. Nc3 {[%clk 1:14:23]} d6 {[%clk 1:33:35]} 11. h3 {[%clk 1:13:25]}
Na5 {[%clk 1:32:41]} 12. Bc2 {[%clk 1:12:03]} c5 {[%clk 1:32:34]} 13. Rb1
{[%clk 1:05:06]} h6 {[%clk 1:22:17]} 14. Ne2 {[%clk 1:01:19]} Nec6 {[%clk
1:19:02]} 15. a3 {[%clk 0:55:18]} Qb6 {[%clk 1:10:27]} 16. d5 {[%clk 0:53:03]}
Ne7 {[%clk 1:09:10]} 17. Bf4 {[%clk 0:48:40]} f5 {[%clk 1:00:10]} 18. Qc1
{[%clk 0:33:51]} g5 {[%clk 0:54:01]} 19. Nxg5 {[%clk 0:34:06]} hxg5 {[%clk
0:54:10]} 20. Bxg5 {[%clk 0:34:32]} Ra7 {[%clk 0:47:21]} 21. Nf4 {[%clk
0:33:47]} fxe4 {[%clk 0:38:39]} 22. Nh5 {[%clk 0:26:04]} Nf5 {[%clk 0:34:24]}
23. Bxe4 {[%clk 0:24:50]} Nc4 {[%clk 0:33:37]} 24. Re1 {[%clk 0:21:35]} Ne5
{[%clk 0:30:26]} 25. b3 {[%clk 0:17:03]} Raf7 {[%clk 0:26:23]} 26. Kh1 {[%clk
0:14:18]} c4 {[%clk 0:18:53]} 27. g4 {[%clk 0:09:54]} Qxf2 {[%clk 0:13:01]} 28.
gxf5 {[%clk 0:10:17]} Bxf5 {[%clk 0:13:22]} 29. Qe3 {[%clk 0:04:50]} Bxe4+
{[%clk 0:07:07]} 30. Qxe4 {[%clk 0:05:19]} Nf3 {[%clk 0:06:50]} 31. Bf4 {[%clk
0:03:26]} Nxe1 {[%clk 0:04:39]} 32. Rxe1 {[%clk 0:03:40]} Rxf4 {[%clk 0:04:06]}
33. Nxf4 {[%clk 0:02:40]} Qxf4 {[%clk 0:04:24]} 34. bxc4 {[%clk 0:02:11]} bxc4
{[%clk 0:04:46]} 35. Qe6+ {[%clk 0:02:21]} Qf7 {[%clk 0:05:10]} 36. Qe4 {[%clk
0:00:36]} Qf3+ {[%clk 0:05:34]} 0-1

[Event "Deutsche Ländermeisterschaft 2021"]
[Site "Neumünster GER"]
[Date "2021.10.04"]
[Round "5"]
[White "Bosselmann, Tom Linus"]
[Black "Haubold, Sebastian Marcel"]
[Result "1-0"]
[Termination "normal"]
[Board "5.3"]
[WhiteElo "2064"]
[BlackElo "1884"]
[WhiteClock "00:43:11"]
[BlackClock "00:30:02"]
[WhiteTeam "Schleswig-Holstein"]
[BlackTeam "Sachsen-Anhalt"]
[PlyCount "101"]
[WhiteFideId "12983845"]
[BlackFideId "16259637"]
[EventCountry "GER"]
[EventRounds "7"]
[EventType "team-swiss"]
[EventDate "2021.10.01"]

1. e4 {[%clk 1:30:58]} e5 {[%clk 1:30:54]} 2. Nf3 {[%clk 1:30:07]} Nc6 {[%clk
1:31:18]} 3. Bb5 {[%clk 1:29:30]} a6 {[%clk 1:31:36]} 4. Ba4 {[%clk 1:29:57]}
Nf6 {[%clk 1:31:54]} 5. d3 {[%clk 1:27:07]} d6 {[%clk 1:26:06]} 6. c3 {[%clk
1:26:06]} Be7 {[%clk 1:25:28]} 7. O-O {[%clk 1:26:03]} b5 {[%clk 1:24:59]} 8.
Bc2 {[%clk 1:25:27]} O-O {[%clk 1:20:46]} 9. h3 {[%clk 1:24:58]} Bb7 {[%clk
1:15:47]} 10. Re1 {[%clk 1:25:00]} Re8 {[%clk 1:11:45]} 11. Nbd2 {[%clk
1:23:50]} Bf8 {[%clk 1:08:27]} 12. Nf1 {[%clk 1:22:35]} g6 {[%clk 1:08:20]} 13.
Ng3 {[%clk 1:17:36]} Bg7 {[%clk 1:05:56]} 14. a4 {[%clk 1:12:09]} Qd7 {[%clk
1:00:26]} 15. d4 {[%clk 1:04:03]} exd4 {[%clk 0:48:17]} 16. cxd4 {[%clk
1:02:33]} Nb4 {[%clk 0:48:17]} 17. Bb1 {[%clk 1:00:17]} c5 {[%clk 0:41:16]} 18.
d5 {[%clk 0:59:19]} a5 {[%clk 0:35:14]} 19. Bd2 {[%clk 0:53:12]} Ba6 {[%clk
0:34:00]} 20. Bc3 {[%clk 0:52:13]} bxa4 {[%clk 0:32:45]} 21. Bc2 {[%clk
0:48:24]} Nxc2 {[%clk 0:24:57]} 22. Qxc2 {[%clk 0:48:52]} Bb5 {[%clk 0:25:11]}
23. Qd2 {[%clk 0:40:03]} Qd8 {[%clk 0:22:12]} 24. Qf4 {[%clk 0:35:43]} h6
{[%clk 0:14:15]} 25. Rad1 {[%clk 0:33:40]} Nh7 {[%clk 0:06:12]} 26. e5 {[%clk
0:29:16]} dxe5 {[%clk 0:05:50]} 27. Nxe5 {[%clk 0:29:45]} Qf6 {[%clk 0:05:57]}
28. Qc1 {[%clk 0:25:35]} Qg5 {[%clk 0:05:05]} 29. Bd2 {[%clk 0:25:34]} Qd8
{[%clk 0:03:54]} 30. Qxc5 {[%clk 0:23:18]} Bxe5 {[%clk 0:03:46]} 31. Qxb5
{[%clk 0:23:38]} Rb8 {[%clk 0:02:11]} 32. Qxa4 {[%clk 0:23:08]} Qxd5 {[%clk
0:01:37]} 33. Bc3 {[%clk 0:20:09]} Qc5 {[%clk 0:01:26]} 34. Ne4 {[%clk
0:17:41]} Qc8 {[%clk 0:00:53]} 35. Bxe5 {[%clk 0:16:57]} Rxe5 {[%clk 0:01:03]}
36. Nf6+ {[%clk 0:17:08]} Nxf6 {[%clk 0:01:11]} 37. Rxe5 {[%clk 0:17:29]} Rxb2
{[%clk 0:00:59]} 38. Qxa5 {[%clk 0:16:58]} Qc2 {[%clk 0:00:53]} 39. Qd8+ {[%clk
0:17:23]} Kg7 {[%clk 0:01:15]} 40. Qd4 {[%clk 0:17:42]} Ra2 {[%clk 0:01:12]}
41. Rb5 {[%clk 0:15:38]} Ra4 {[%clk 0:00:47]} 42. Qd3 {[%clk 0:14:26]} Qc6
{[%clk 0:00:41]} 43. Rb8 {[%clk 0:14:04]} Ra8 {[%clk 0:30:29]} 44. Rxa8 {[%clk
0:43:06]} Qxa8 {[%clk 0:30:49]} 45. Qc3 {[%clk 0:43:31]} Qa6 {[%clk 0:31:03]}
46. Rd8 {[%clk 0:42:51]} Qe6 {[%clk 0:31:13]} 47. Rc8 {[%clk 0:42:33]} Qe7
{[%clk 0:30:20]} 48. Rc6 {[%clk 0:42:58]} Qd8 {[%clk 0:30:42]} 49. Qe5 {[%clk
0:42:18]} Qd1+ {[%clk 0:29:40]} 50. Kh2 {[%clk 0:42:44]} Qd8 {[%clk 0:30:02]}
51. Rd6 {[%clk 0:43:11]} 1-0

[Event "Deutsche Ländermeisterschaft 2021"]
[Site "Neumünster GER"]
[Date "2021.10.04"]
[Round "5"]
[White "Dietz, Kristin"]
[Black "Guo, Philipp Ziming"]
[Result "0-1"]
[Termination "normal"]
[Board "5.4"]
[WhiteElo "1924"]
[BlackElo "1760"]
[WhiteClock "00:33:10"]
[BlackClock "00:29:16"]
[WhiteTeam "Sachsen-Anhalt"]
[BlackTeam "Schleswig-Holstein"]
[PlyCount "97"]
[WhiteFideId "12993743"]
[BlackFideId "16245199"]
[EventCountry "GER"]
[EventRounds "7"]
[EventType "team-swiss"]
[EventDate "2021.10.01"]

1. e4 {[%clk 1:30:59]} c5 {[%clk 1:30:52]} 2. Nf3 {[%clk 1:31:24]} d6 {[%clk
1:31:18]} 3. d4 {[%clk 1:31:47]} cxd4 {[%clk 1:31:43]} 4. Nxd4 {[%clk 1:32:11]}
Nf6 {[%clk 1:32:05]} 5. Nc3 {[%clk 1:32:24]} a6 {[%clk 1:32:27]} 6. f3 {[%clk
1:31:30]} e6 {[%clk 1:32:37]} 7. Be3 {[%clk 1:31:39]} b5 {[%clk 1:32:57]} 8.
Qd2 {[%clk 1:31:14]} Nbd7 {[%clk 1:33:01]} 9. g4 {[%clk 1:28:46]} h6 {[%clk
1:32:27]} 10. h4 {[%clk 1:23:58]} b4 {[%clk 1:27:45]} 11. Na4 {[%clk 1:17:14]}
d5 {[%clk 1:28:01]} 12. exd5 {[%clk 1:05:38]} Nxd5 13. Bf2 {[%clk 1:02:10]} Qc7
{[%clk 1:23:16]} 14. Bd3 {[%clk 0:55:56]} Bd6 {[%clk 1:15:33]} 15. Be4 {[%clk
0:51:17]} Bb7 {[%clk 1:11:46]} 16. O-O {[%clk 0:43:23]} N7f6 {[%clk 1:04:29]}
17. Rad1 {[%clk 0:39:27]} Bf4 {[%clk 0:59:30]} 18. Qe2 {[%clk 0:37:30]} Nxe4
{[%clk 0:57:43]} 19. fxe4 {[%clk 0:37:23]} Nf6 20. Nf3 {[%clk 0:27:49]} Bxe4
{[%clk 0:47:00]} 21. Nc5 {[%clk 0:27:22]} Bd5 {[%clk 0:39:58]} 22. Nd3 {[%clk
0:22:43]} Bd6 23. Nfe5 {[%clk 0:17:53]} Ne4 {[%clk 0:33:26]} 24. Nf4 {[%clk
0:13:31]} Bb7 {[%clk 0:28:26]} 25. Nxf7 {[%clk 0:10:00]} Qxf7 {[%clk 0:24:59]}
26. Rxd6 {[%clk 0:10:12]} Nxd6 {[%clk 0:24:27]} 27. Nxe6 {[%clk 0:10:33]} Be4
{[%clk 0:22:10]} 28. Nc5 {[%clk 0:08:40]} Qf3 {[%clk 0:17:45]} 29. Qxf3 {[%clk
0:07:41]} Bxf3 {[%clk 0:18:02]} 30. Bg3 {[%clk 0:08:05]} Nb7 {[%clk 0:18:14]}
31. Ne6 {[%clk 0:06:44]} Kd7 {[%clk 0:17:20]} 32. Nxg7 {[%clk 0:06:35]} Bxg4
{[%clk 0:16:47]} 33. Rf4 {[%clk 0:06:38]} h5 {[%clk 0:15:29]} 34. Rxb4 {[%clk
0:07:00]} Nd6 {[%clk 0:12:55]} 35. Rd4 {[%clk 0:06:12]} Rh6 {[%clk 0:13:16]}
36. Rd5 {[%clk 0:06:27]} Kc6 {[%clk 0:12:24]} 37. Re5 {[%clk 0:06:09]} Rg8
{[%clk 0:11:21]} 38. Re7 {[%clk 0:05:30]} Rg6 {[%clk 0:07:53]} 39. Be5 {[%clk
0:05:44]} Nf5 {[%clk 0:03:16]} 40. Nxf5 {[%clk 0:04:50]} Bxf5+ {[%clk 0:03:42]}
41. Kf2 {[%clk 0:04:55]} Rg2+ {[%clk 0:03:28]} 42. Ke3 {[%clk 0:05:07]} Rxc2
{[%clk 0:01:41]} 43. Kf4 {[%clk 0:02:51]} Rg4+ {[%clk 0:28:54]} 44. Kxf5 {[%clk
0:31:44]} Rf2+ {[%clk 0:29:16]} 45. Ke6 {[%clk 0:32:11]} Rg6+ {[%clk 0:29:37]}
46. Bf6 {[%clk 0:32:37]} Rgxf6+ {[%clk 0:29:33]} 47. Ke5 {[%clk 0:32:59]} R6f5+
{[%clk 0:29:16]} 48. Ke4 {[%clk 0:33:10]} Re2+ 49. Kd4 0-1

[Event "Deutsche Ländermeisterschaft 2021"]
[Site "Neumünster GER"]
[Date "2021.10.04"]
[Round "5"]
[White "Falke, Ornella"]
[Black "Pikalow, Michael"]
[Result "0-1"]
[Termination "normal"]
[Board "5.5"]
[WhiteElo "1655"]
[BlackElo "1906"]
[WhiteClock "00:08:38"]
[BlackClock "00:02:39"]
[WhiteTeam "Schleswig-Holstein"]
[BlackTeam "Sachsen-Anhalt"]
[PlyCount "72"]
[WhiteFideId "16207092"]
[BlackFideId "16227638"]
[EventCountry "GER"]
[EventRounds "7"]
[EventType "team-swiss"]
[EventDate "2021.10.01"]

1. e4 {[%clk 1:30:56]} c5 {[%clk 1:30:55]} 2. Nf3 {[%clk 1:31:19]} d6 {[%clk
1:31:23]} 3. d4 {[%clk 1:31:39]} cxd4 {[%clk 1:31:50]} 4. Nxd4 {[%clk 1:31:17]}
Nf6 {[%clk 1:32:16]} 5. Nc3 {[%clk 1:30:36]} a6 {[%clk 1:32:42]} 6. Bc4 {[%clk
1:30:26]} e6 {[%clk 1:32:55]} 7. a4 {[%clk 1:30:31]} Be7 {[%clk 1:30:32]} 8.
O-O {[%clk 1:30:27]} O-O {[%clk 1:30:47]} 9. Be3 {[%clk 1:29:07]} Qc7 {[%clk
1:28:07]} 10. Ba2 {[%clk 1:26:20]} Nc6 {[%clk 1:26:38]} 11. Qe2 {[%clk
1:25:36]} Bd7 {[%clk 1:22:34]} 12. Kh1 {[%clk 1:24:58]} b5 {[%clk 1:03:44]} 13.
axb5 {[%clk 1:05:23]} Nxd4 {[%clk 1:04:08]} 14. Bxd4 {[%clk 1:05:39]} axb5
{[%clk 1:04:33]} 15. e5 {[%clk 1:04:21]} dxe5 {[%clk 1:00:59]} 16. Bxe5 {[%clk
1:03:44]} Qb7 {[%clk 1:00:35]} 17. Nd1 {[%clk 0:57:07]} Ra6 {[%clk 0:57:26]}
18. b4 {[%clk 0:47:17]} Rfa8 {[%clk 0:56:49]} 19. c4 {[%clk 0:40:38]} Qe4
{[%clk 0:44:13]} 20. Qb2 {[%clk 0:32:27]} Ng4 21. f4 {[%clk 0:26:48]} Nxe5
{[%clk 0:07:47]} 22. fxe5 {[%clk 0:25:13]} Bc6 {[%clk 0:06:22]} 23. Nc3 {[%clk
0:22:55]} Qxe5 {[%clk 0:06:09]} 24. Rae1 {[%clk 0:18:08]} Rxa2 {[%clk 0:03:56]}
25. Qxa2 {[%clk 0:12:43]} Qxc3 {[%clk 0:04:21]} 26. Qf2 {[%clk 0:12:38]} Bf6
{[%clk 0:04:46]} 27. Rc1 {[%clk 0:12:15]} Qxb4 {[%clk 0:04:39]} 28. Qb6 {[%clk
0:11:34]} Qd6 {[%clk 0:04:37]} 29. Qf2 {[%clk 0:09:30]} bxc4 {[%clk 0:04:37]}
30. Rfd1 {[%clk 0:09:45]} Qb4 {[%clk 0:04:10]} 31. Rb1 {[%clk 0:09:49]} Qa5
{[%clk 0:03:52]} 32. Rb6 {[%clk 0:09:13]} Bd5 {[%clk 0:03:51]} 33. Rdb1 {[%clk
0:09:25]} Qa7 {[%clk 0:02:35]} 34. h3 {[%clk 0:09:02]} Bd8 {[%clk 0:02:28]} 35.
R6b2 {[%clk 0:08:13]} Qxf2 {[%clk 0:02:34]} 36. Rxf2 {[%clk 0:08:38]} c3 {[%clk
0:02:39]} 0-1

[Event "Deutsche Ländermeisterschaft 2021"]
[Site "Neumünster GER"]
[Date "2021.10.04"]
[Round "5"]
[White "Pohle, Saskia"]
[Black "Malinowsky, Levi"]
[Result "0-1"]
[Termination "normal"]
[Board "5.6"]
[WhiteElo "1880"]
[BlackElo "1775"]
[WhiteClock "01:05:29"]
[BlackClock "00:56:51"]
[WhiteTeam "Sachsen-Anhalt"]
[BlackTeam "Schleswig-Holstein"]
[PlyCount "32"]
[WhiteFideId "16201604"]
[BlackFideId "16253094"]
[EventCountry "GER"]
[EventRounds "7"]
[EventType "team-swiss"]
[EventDate "2021.10.01"]

1. e4 {[%clk 1:30:59]} c5 {[%clk 1:30:47]} 2. Nf3 {[%clk 1:31:23]} e6 {[%clk
1:30:51]} 3. d4 {[%clk 1:31:45]} cxd4 {[%clk 1:31:05]} 4. Nxd4 {[%clk 1:32:08]}
a6 {[%clk 1:31:14]} 5. c4 {[%clk 1:32:25]} Nf6 {[%clk 1:30:55]} 6. Nc3 {[%clk
1:32:46]} Bb4 {[%clk 1:30:16]} 7. Qd3 {[%clk 1:32:32]} Bxc3+ {[%clk 1:28:13]}
8. bxc3 {[%clk 1:32:52]} d6 {[%clk 1:25:33]} 9. Be2 {[%clk 1:31:14]} Qc7 {[%clk
1:24:19]} 10. Be3 {[%clk 1:30:05]} O-O {[%clk 1:23:07]} 11. O-O {[%clk
1:29:41]} Nbd7 {[%clk 1:22:06]} 12. Nb3 {[%clk 1:27:32]} Ne5 {[%clk 1:17:25]}
13. Qd4 {[%clk 1:27:03]} a5 {[%clk 1:03:09]} 14. f3 {[%clk 1:19:19]} a4 {[%clk
1:00:41]} 15. Nc1 {[%clk 1:11:15]} Ra6 {[%clk 0:58:41]} 16. Nd3 {[%clk
1:05:29]} Nc6 {[%clk 0:56:51]} 0-1

[Event "Deutsche Ländermeisterschaft 2021"]
[Site "Neumünster GER"]
[Date "2021.10.04"]
[Round "5"]
[White "Rössling, Laura Marie"]
[Black "Sickmann, Lisa"]
[Result "0-1"]
[Termination "normal"]
[Board "5.8"]
[WhiteElo "986"]
[BlackElo "1531"]
[WhiteClock "00:02:53"]
[BlackClock "01:09:38"]
[WhiteTeam "Sachsen-Anhalt"]
[BlackTeam "Schleswig-Holstein"]
[PlyCount "116"]
[WhiteFideId "16289471"]
[BlackFideId "16267818"]
[EventCountry "GER"]
[EventRounds "7"]
[EventType "team-swiss"]
[EventDate "2021.10.01"]

1. e4 {[%clk 1:30:59]} e5 {[%clk 1:30:56]} 2. Nf3 {[%clk 1:31:20]} Nc6 {[%clk
1:31:18]} 3. Bc4 {[%clk 1:31:40]} Bc5 {[%clk 1:31:45]} 4. c3 {[%clk 1:31:50]}
Nf6 {[%clk 1:32:12]} 5. d4 {[%clk 1:31:54]} exd4 {[%clk 1:32:38]} 6. e5 {[%clk
1:32:07]} d5 {[%clk 1:32:32]} 7. Bb5 {[%clk 1:32:05]} Ne4 {[%clk 1:32:46]} 8.
cxd4 {[%clk 1:31:18]} Bb6 {[%clk 1:32:42]} 9. Nc3 {[%clk 1:31:15]} Bg4 {[%clk
1:32:10]} 10. O-O {[%clk 1:30:44]} O-O {[%clk 1:32:23]} 11. Be3 {[%clk
1:30:23]} a6 {[%clk 1:27:23]} 12. Be2 {[%clk 1:28:22]} Qd7 {[%clk 1:26:30]} 13.
Na4 {[%clk 1:21:51]} Ba7 {[%clk 1:25:29]} 14. Nc5 {[%clk 1:21:21]} Nxc5 {[%clk
1:25:02]} 15. dxc5 {[%clk 1:20:52]} h6 {[%clk 1:21:45]} 16. Rc1 {[%clk
1:11:19]} Rad8 {[%clk 1:21:43]} 17. Qb3 {[%clk 1:04:53]} Qc8 {[%clk 1:11:48]}
18. h3 {[%clk 1:04:01]} Be6 {[%clk 1:08:55]} 19. Qc3 {[%clk 0:59:31]} Ne7
{[%clk 1:07:28]} 20. Rfd1 {[%clk 0:52:36]} b6 {[%clk 1:06:48]} 21. cxb6 {[%clk
0:51:46]} Bxb6 {[%clk 1:06:12]} 22. Bxb6 {[%clk 0:51:38]} cxb6 {[%clk 1:06:30]}
23. Qxc8 {[%clk 0:51:50]} Rxc8 {[%clk 1:06:34]} 24. Bxa6 {[%clk 0:52:01]} Ra8
{[%clk 1:06:40]} 25. Be2 {[%clk 0:52:05]} Rxa2 {[%clk 1:07:01]} 26. Rd2 {[%clk
0:50:21]} Rc8 {[%clk 1:05:10]} 27. Rxc8+ {[%clk 0:50:12]} Bxc8 {[%clk 1:05:19]}
28. b3 {[%clk 0:50:21]} Rxd2 {[%clk 1:04:07]} 29. Nxd2 {[%clk 0:50:37]} Nc6
{[%clk 1:03:52]} 30. Bf3 {[%clk 0:50:20]} Be6 {[%clk 1:04:09]} 31. Nb1 {[%clk
0:49:41]} Nxe5 {[%clk 1:04:31]} 32. Kf1 {[%clk 0:46:23]} Nxf3 {[%clk 1:04:19]}
33. gxf3 {[%clk 0:46:37]} Bxh3+ {[%clk 1:04:44]} 34. Ke2 {[%clk 0:46:51]} Kf8
{[%clk 1:04:32]} 35. Nc3 {[%clk 0:45:48]} Be6 {[%clk 1:04:38]} 36. Nd1 {[%clk
0:33:36]} Ke7 {[%clk 1:04:43]} 37. Ke3 {[%clk 0:33:18]} g5 {[%clk 1:04:46]} 38.
Kd4 {[%clk 0:33:17]} h5 {[%clk 1:03:40]} 39. Ne3 {[%clk 0:32:23]} h4 {[%clk
1:03:54]} 40. Nf1 {[%clk 0:32:33]} h3 {[%clk 1:04:10]} 41. Ke3 {[%clk 0:31:37]}
Kd6 {[%clk 1:04:21]} 42. f4 {[%clk 0:28:44]} gxf4+ {[%clk 1:04:39]} 43. Kxf4
{[%clk 0:28:06]} Kc5 {[%clk 1:04:57]} 44. Kg3 {[%clk 0:17:59]} d4 {[%clk
1:05:00]} 45. Nd2 {[%clk 0:08:28]} Kb4 {[%clk 1:05:02]} 46. f4 {[%clk 0:08:28]}
Kc3 {[%clk 1:05:02]} 47. Ne4+ {[%clk 0:03:27]} Kc2 {[%clk 1:05:38]} 48. Ng5
{[%clk 0:01:53]} d3 {[%clk 1:06:01]} 49. Nxe6 {[%clk 0:02:04]} fxe6 {[%clk
1:06:28]} 50. Kxh3 {[%clk 0:01:41]} d2 {[%clk 1:06:49]} 51. Kg4 {[%clk
0:01:45]} d1=Q+ {[%clk 1:07:11]} 52. Kg5 {[%clk 0:02:09]} Qd5+ {[%clk 1:07:27]}
53. Kg4 {[%clk 0:02:10]} Qg2+ {[%clk 1:07:52]} 54. Kh4 {[%clk 0:02:18]} Kd3
{[%clk 1:08:17]} 55. Kh5 {[%clk 0:02:42]} Ke4 {[%clk 1:08:45]} 56. Kh6 {[%clk
0:02:39]} Kf5 {[%clk 1:09:12]} 57. Kh7 {[%clk 0:02:29]} Kf6 {[%clk 1:09:38]}
58. Kh8 {[%clk 0:02:53]} Qg7# 0-1

[Event "Deutsche Ländermeisterschaft 2021"]
[Site "Neumünster GER"]
[Date "2021.10.04"]
[Round "5"]
[White "Degenhard, Simon"]
[Black "Holinka, Henning"]
[Result "1-0"]
[Termination "normal"]
[Board "6.1"]
[WhiteTitle "FM"]
[WhiteElo "2220"]
[BlackElo "2244"]
[WhiteClock "00:31:51"]
[BlackClock "00:14:09"]
[WhiteTeam "Württemberg"]
[BlackTeam "Hamburg"]
[PlyCount "99"]
[WhiteFideId "12944017"]
[BlackFideId "12967084"]
[EventCountry "GER"]
[EventRounds "7"]
[EventType "team-swiss"]
[EventDate "2021.10.01"]

1. e4 {[%clk 1:30:58]} g6 {[%clk 1:30:49]} 2. d4 {[%clk 1:31:21]} Bg7 {[%clk
1:31:11]} 3. Nc3 {[%clk 1:31:44]} a6 {[%clk 1:31:35]} 4. Be3 {[%clk 1:32:08]}
b5 {[%clk 1:31:59]} 5. Qd2 {[%clk 1:32:30]} Bb7 {[%clk 1:32:03]} 6. f3 {[%clk
1:32:48]} d6 {[%clk 1:30:53]} 7. h4 {[%clk 1:32:48]} h6 {[%clk 1:29:27]} 8.
Nge2 {[%clk 1:32:26]} Nd7 {[%clk 1:29:16]} 9. d5 {[%clk 1:32:20]} c5 {[%clk
1:25:49]} 10. dxc6 {[%clk 1:30:46]} Bxc6 {[%clk 1:26:09]} 11. Bd4 {[%clk
1:29:55]} Ngf6 {[%clk 1:24:45]} 12. h5 {[%clk 1:26:11]} g5 {[%clk 1:14:23]} 13.
a4 {[%clk 1:21:36]} b4 {[%clk 1:08:53]} 14. Nd1 {[%clk 1:21:31]} a5 {[%clk
1:03:25]} 15. Ne3 {[%clk 1:18:47]} Bf8 {[%clk 0:57:48]} 16. b3 {[%clk 1:09:14]}
Rg8 {[%clk 0:51:27]} 17. O-O-O {[%clk 1:06:18]} Qc7 {[%clk 0:49:43]} 18. Bb2
{[%clk 0:54:26]} Ne5 {[%clk 0:38:52]} 19. Nd4 {[%clk 0:53:02]} Bd7 {[%clk
0:37:33]} 20. Nb5 {[%clk 0:49:23]} Qb7 {[%clk 0:21:22]} 21. Bxe5 {[%clk
0:31:39]} dxe5 {[%clk 0:21:30]} 22. Bc4 {[%clk 0:31:49]} e6 {[%clk 0:17:12]}
23. Qd6 {[%clk 0:29:03]} Qxb5 {[%clk 0:07:32]} 24. Bxb5 {[%clk 0:28:00]} Bxd6
{[%clk 0:07:56]} 25. Rxd6 {[%clk 0:28:08]} Ke7 {[%clk 0:05:49]} 26. Rhd1 {[%clk
0:27:28]} Bxb5 {[%clk 0:02:21]} 27. axb5 {[%clk 0:27:51]} Rgb8 {[%clk 0:02:05]}
28. b6 {[%clk 0:26:18]} Rb7 {[%clk 0:01:32]} 29. Nc4 {[%clk 0:22:56]} Ne8
{[%clk 0:01:43]} 30. Rc6 {[%clk 0:22:23]} f6 {[%clk 0:01:03]} 31. Nb2 {[%clk
0:18:43]} Rd7 {[%clk 0:00:45]} 32. Na4 {[%clk 0:15:54]} Rxd1+ {[%clk 0:00:46]}
33. Kxd1 {[%clk 0:16:22]} Kd7 {[%clk 0:00:56]} 34. Rc5 {[%clk 0:15:52]} Kd8
{[%clk 0:00:47]} 35. Kd2 {[%clk 0:15:24]} Kd7 {[%clk 0:00:52]} 36. Kd3 {[%clk
0:15:37]} Kd8 {[%clk 0:00:58]} 37. Nb2 {[%clk 0:14:03]} Nd6 {[%clk 0:00:32]}
38. Nc4 {[%clk 0:13:24]} Nb7 {[%clk 0:00:47]} 39. Rc7 {[%clk 0:13:39]} Rb8
{[%clk 0:01:10]} 40. Rh7 {[%clk 0:13:47]} Nc5+ {[%clk 0:01:03]} 41. Ke3 {[%clk
0:11:34]} Nd7 {[%clk 0:28:08]} 42. Rxh6 {[%clk 0:41:03]} Nf8 {[%clk 0:26:47]}
43. Rh8 {[%clk 0:31:09]} Ke7 {[%clk 0:23:54]} 44. h6 {[%clk 0:31:29]} Kf7
{[%clk 0:18:48]} 45. b7 {[%clk 0:31:30]} Kg6 {[%clk 0:18:21]} 46. Nxa5 {[%clk
0:31:15]} f5 {[%clk 0:14:29]} 47. Rxf8 {[%clk 0:31:30]} Rxf8 {[%clk 0:14:45]}
48. Nc6 {[%clk 0:31:51]} f4+ {[%clk 0:14:09]} 49. Kd2 {[%clk 0:31:51]} Kxh6
{[%clk 0:14:09]} 50. b8=Q {[%clk 0:31:51]} 1-0

[Event "Deutsche Ländermeisterschaft 2021"]
[Site "Neumünster GER"]
[Date "2021.10.04"]
[Round "5"]
[White "Weihrauch, Jakob"]
[Black "Geltz, Noah"]
[Result "1/2-1/2"]
[Termination "normal"]
[Board "6.2"]
[WhiteElo "2114"]
[BlackElo "2088"]
[WhiteClock "00:16:49"]
[BlackClock "00:29:51"]
[WhiteTeam "Hamburg"]
[BlackTeam "Württemberg"]
[PlyCount "91"]
[WhiteFideId "16210115"]
[BlackFideId "16224256"]
[EventCountry "GER"]
[EventRounds "7"]
[EventType "team-swiss"]
[EventDate "2021.10.01"]

1. e4 {[%clk 1:30:58]} c5 {[%clk 1:30:53]} 2. Nf3 {[%clk 1:31:24]} Nc6 {[%clk
1:31:14]} 3. d4 {[%clk 1:31:50]} cxd4 {[%clk 1:31:34]} 4. Nxd4 {[%clk 1:32:17]}
g6 {[%clk 1:31:36]} 5. c4 {[%clk 1:32:37]} Nf6 {[%clk 1:31:55]} 6. Nc3 {[%clk
1:32:44]} d6 {[%clk 1:32:04]} 7. Be2 {[%clk 1:29:46]} Nxd4 {[%clk 1:32:23]} 8.
Qxd4 {[%clk 1:30:12]} Bg7 {[%clk 1:32:42]} 9. Be3 {[%clk 1:29:30]} O-O {[%clk
1:32:46]} 10. Qd1 {[%clk 1:29:27]} a5 {[%clk 1:29:46]} 11. O-O {[%clk 1:28:59]}
a4 {[%clk 1:29:10]} 12. Rc1 {[%clk 1:26:51]} Qa5 {[%clk 1:27:30]} 13. Qd2
{[%clk 1:13:17]} Be6 {[%clk 1:25:50]} 14. f3 {[%clk 1:12:30]} Rfc8 {[%clk
1:22:30]} 15. b3 {[%clk 1:00:19]} axb3 {[%clk 1:21:47]} 16. axb3 {[%clk
1:00:42]} Nd7 {[%clk 1:10:27]} 17. Rc2 {[%clk 0:50:28]} Nc5 {[%clk 0:57:47]}
18. Rb1 {[%clk 0:46:56]} Qb4 {[%clk 0:56:20]} 19. Nd5 {[%clk 0:39:51]} Qxd2
{[%clk 0:56:39]} 20. Rxd2 {[%clk 0:40:12]} Bxd5 {[%clk 0:56:23]} 21. exd5
{[%clk 0:38:32]} Na6 {[%clk 0:45:24]} 22. Rdd1 {[%clk 0:30:19]} Nb4 {[%clk
0:44:25]} 23. Bd2 {[%clk 0:27:43]} Nc2 {[%clk 0:40:55]} 24. Bc1 {[%clk
0:20:15]} Ra2 {[%clk 0:38:48]} 25. b4 {[%clk 0:18:33]} Bc3 {[%clk 0:19:02]} 26.
b5 {[%clk 0:14:37]} Ne3 {[%clk 0:17:13]} 27. Bxe3 {[%clk 0:10:19]} Rxe2 {[%clk
0:17:38]} 28. Bf2 {[%clk 0:07:59]} Rxc4 {[%clk 0:16:32]} 29. Rdc1 {[%clk
0:07:03]} Ra2 {[%clk 0:16:52]} 30. Kf1 {[%clk 0:06:05]} Raa4 {[%clk 0:15:47]}
31. b6 {[%clk 0:04:42]} Kg7 {[%clk 0:13:33]} 32. Rb3 {[%clk 0:03:59]} Be5
{[%clk 0:09:39]} 33. Rxc4 {[%clk 0:04:25]} Rxc4 {[%clk 0:10:06]} 34. Ra3 {[%clk
0:04:51]} Rc1+ {[%clk 0:08:28]} 35. Ke2 {[%clk 0:05:13]} Ra1 {[%clk 0:08:39]}
36. Rxa1 {[%clk 0:04:33]} Bxa1 {[%clk 0:09:04]} 37. Kd3 {[%clk 0:03:49]} e6
{[%clk 0:06:34]} 38. Bg3 {[%clk 0:02:39]} e5 {[%clk 0:06:37]} 39. Bf2 {[%clk
0:01:37]} h6 {[%clk 0:04:59]} 40. g3 {[%clk 0:00:54]} f5 {[%clk 0:04:09]} 41.
h3 {[%clk 0:24:07]} h5 {[%clk 0:33:29]} 42. Be3 {[%clk 0:22:12]} Bb2 {[%clk
0:32:17]} 43. h4 {[%clk 0:17:25]} Ba3 {[%clk 0:31:43]} 44. f4 {[%clk 0:16:37]}
e4+ {[%clk 0:30:24]} 45. Ke2 {[%clk 0:16:25]} Bc5 {[%clk 0:29:51]} 46. Kf2
{[%clk 0:16:49]} 1/2-1/2